MARC

LEADER 00000nas a2200000 i 4500
001 ssj0000800561
003 WaSeSS
005 20200512172242.0
006 m d
007 cr n
008 110131c20079999rm fr p s a 0 0rum c
010 |a  2012254125 
022 |a 2067-7812  |l 1843-1348 
035 |a (WaSeSS)ssj0000800561 
040 |a CNCGM  |b eng  |c CNCGM  |d OCLCQ  |d NTE  |d OCLCQ  |d CUS  |d OCLCQ  |d OCLCF  |d BEDGE  |d OCLCO  |d CUS  |d OCLCA  |d AU@  |d WaSeSS 
041 0 |a rum  |a eng 
042 |a pcc 
050 1 4 |a D32 
050 1 4 |a JA26 
210 0 |a Soc. politică  |b (Online) 
222 0 |a Societate şi politică  |b (Online) 
245 0 0 |a Societate şi politică  |h [electronic resource]. 
246 1 1 |a Society and politics 
260 |a Arad :  |b Universitatea de Vest "Vasile Goldis" din Arad,  |c 2007- 
310 |a Semiannual 
362 1 |a Began with: Vol. 1, no. 1 (2007). 
506 |a License restrictions may limit access. 
546 |a Text in English and Romanian; abstracts in English and Romanian. 
588 |a Description based on: Vol. 1, no. 1 (2007); title from PDF title page (publisher's Web site, viewed Dec. 14, 2012). 
588 |a Latest issue consulted: Vol. 6, no. 2 (2012) (viewed Dec. 14, 2012). 
650 0 |a World politics  |v Periodicals. 
650 0 |a Political science  |v Periodicals. 
650 7 |a Political science.  |2 fast  |0 (OCoLC)fst01069781 
650 7 |a World politics.  |2 fast  |0 (OCoLC)fst01181381 
650 7 |a Sciences politiques.  |2 eclas 
650 7 |a Sciences sociales.  |2 eclas 
650 7 |a Publications périodiques.  |2 eclas 
651 7 |a Roumanie.  |2 eclas 
655 0 |a Electronic journals. 
710 2 |a Universitatea de Vest "Vasile Goldiș" din Arad. 
776 0 8 |i Print version:  |t Societate şi Politică  |x 1843-1348 
856 4 0 |z Full text available from Research Library: 01/01/2014 to present  |u https://search.proquest.com/publication/1996366